| 000 | 00515nam a22001457a 4500 | ||
|---|---|---|---|
| 003 | MACL | ||
| 005 | 20181021171428.0 | ||
| 008 | 181021b xxu||||| |||| 00| 0 eng d | ||
| 040 | _cMACL | ||
| 100 |
_aडॉ. सर्वेश सिंह _917292 |
||
| 245 | _aसामान्य बुद्धि परीक्ष्ाण तथा तर्कशक्ति परीक्षण | ||
| 260 |
_aभोपाल _bबीएनबी _c2019 |
||
| 650 |
_aशिक्षा _973091 |
||
| 942 |
_2ddc _cHIN |
||
| 999 |
_c58482 _d58482 |
||